[Event "Titled Tuesday intern op 04th Feb Early"]
[Site "Chess.com INT"]
[Date "2025.02.04"]
[Round "4"]
[White "Kuzmin, Roman"]
[Black "Mishra, Manoj"]
[Result "0-1"]
[WhiteElo "2196"]
[BlackElo "1941"]
[PlyCount "102"]
[EventDate "2025.02.04"]
[EventType "swiss (blitz)"]
[EventRounds "11"]
[EventCountry "USA"]
[SourceTitle "CB07_2025"]
[SourceDate "2025.02.12"]
[SourceVersion "1"]
[SourceVersionDate "2025.02.12"]
[SourceQuality "1"]

1. d4 Nf6 2. c4 g6 3. Nc3 Bg7 4. e4 d6 5. f3 0-0 6. Be3 Nc6 7. Qd2 a6 8. 0-0-0 e5 9. Nge2 b5 10. g4 bxc4 11. d5 Nb4 12. Ng3 Nd3+ 13. Bxd3 cxd3 14. Qxd3 Bxg4 15. fxg4 Nxg4 16. Bg1 Rb8 17. h3 Nh6 18. Be3 f5 19. Nge2 f4 20. Bd2 f3 21. Ng3 Qh4 22. Nf1 Ng4 23. Be1 Nf2 24. Qd2 Bh6 25. Ne3 Bxe3 26. Qxe3 Nxd1 27. Nxd1 Qf4 28. Qxf4 Rxf4 29. Nf2 c6 30. dxc6 Rc8 31. Bd2 Rxc6+ 32. Kb1 Rf7 33. Rd1 Kg7 34. h4 h6 35. Bc3 Rf4 36. Bd2 Rxh4 37. Rf1 Rh2 38. Be3 h5 39. a3 h4 40. Ng4 Rg2 41. Bh6+ Kh7 42. Rxf3 Rxg4 43. Bf8 h3 44. Rxh3+ Kg8 45. Rf3 Rxe4 46. Rf2 Re1+ 47. Ka2 e4 48. Bh6 e3 49. Rf3 e2 50. Re3 Rc2 51. Kb3 Rec1 0-1

[Event "Titled Tuesday intern op 20th Aug Early"]
[Site "Chess.com INT"]
[Date "2024.08.20"]
[Round "6"]
[White "Avila Bautista, Roberto Al"]
[Black "Mishra, Manoj"]
[Result "0-1"]
[WhiteElo "2170"]
[BlackElo "1941"]
[PlyCount "70"]
[EventDate "2024.08.20"]
[EventType "swiss (blitz)"]
[EventRounds "11"]
[EventCountry "USA"]
[SourceTitle "EXT 2025"]
[Source "ChessBase"]
[SourceDate "2024.10.14"]
[SourceVersion "1"]
[SourceVersionDate "2024.10.14"]
[SourceQuality "1"]

1. e4 Nf6 2. e5 Nd5 3. d4 d6 4. exd6 cxd6 5. Bd3 Nc6 6. c3 e5 7. dxe5 dxe5 8. Be4 Be6 9. Nf3 Bc5 10. 0-0 f5 11. Ng5 Qxg5 12. Bxg5 fxe4 13. Nd2 e3 14. Ne4 exf2+ 15. Kh1 Bb6 16. c4 Ne3 17. Bxe3 Bxe3 18. Qe2 Bd4 19. Rad1 0-0 20. Rd3 Bxc4 21. b3 Bxd3 22. Qxd3 Rad8 23. Qc4+ Kh8 24. Ng5 Rd7 25. Qe6 Re7 26. Qh3 h6 27. Ne4 Rf4 28. Ng3 e4 29. Qc8+ Kh7 30. Ne2 Rff7 31. Nxd4 Nxd4 32. Qg4 e3 33. Qxd4 e2 34. Qd3+ g6 35. Rxf2 e1Q+ 0-1

[Event "Titled Tuesday intern op 20th Aug Early"]
[Site "Chess.com INT"]
[Date "2024.08.20"]
[Round "7"]
[White "Mishra, Manoj"]
[Black "Sedaghati, Mehrdad"]
[Result "1-0"]
[WhiteElo "1941"]
[BlackElo "2099"]
[PlyCount "97"]
[EventDate "2024.08.20"]
[EventType "swiss (blitz)"]
[EventRounds "11"]
[EventCountry "USA"]
[SourceTitle "EXT 2025"]
[Source "ChessBase"]
[SourceDate "2024.10.14"]
[SourceVersion "1"]
[SourceVersionDate "2024.10.14"]
[SourceQuality "1"]

1. d4 Nf6 2. Nc3 d5 3. Bf4 a6 4. e3 c5 5. dxc5 Nc6 6. a3 e5 7. Bg5 Be6 8. b4 h6 9. Bxf6 Qxf6 10. Nxd5 Bxd5 11. Qxd5 e4 12. Rd1 Be7 13. Qd7+ Kf8 14. Be2 Rd8 15. Qxb7 Qc3+ 16. Kf1 Rxd1+ 17. Bxd1 Qd2 18. f3 Qxd1+ 19. Kf2 Nd8 20. Qxe4 g6 21. Qd4 Qxc2+ 22. Ne2 Kg8 23. Rd1 Kh7 24. Rd2 Qb3 25. Rd3 Qa2 26. Rd2 Qe6 27. Nf4 Qb3 28. Qd3 Qa4 29. h4 Bxh4+ 30. g3 Be7 31. Nd5 Qe8 32. Nb6 Nc6 33. Qxa6 Bg5 34. Qd3 Ne5 35. Qe4 f5 36. Qd4 Bf6 37. Qd5 Qe7 38. Nc4 Nxc4 39. Qxc4 Re8 40. Re2 Kh8 41. c6 Qc7 42. b5 Be5 43. f4 Bd6 44. Rd2 Qe7 45. Qd4+ Kg8 46. Qd5+ Kh8 47. Qxd6 Qxe3+ 48. Kg2 Qe4+ 49. Kh2 1-0

[Event "Titled Tuesday intern op 13th Aug Early"]
[Site "Chess.com INT"]
[Date "2024.08.13"]
[Round "5"]
[White "Mishra, Manoj"]
[Black "Derjabin, Ilja"]
[Result "1-0"]
[WhiteElo "1941"]
[BlackElo "2314"]
[PlyCount "93"]
[EventDate "2024.08.13"]
[EventType "swiss (blitz)"]
[EventRounds "11"]
[EventCountry "USA"]
[SourceTitle "EXT 2025"]
[Source "ChessBase"]
[SourceDate "2024.10.14"]
[SourceVersion "1"]
[SourceVersionDate "2024.10.14"]
[SourceQuality "1"]

1. d4 Nf6 2. Bg5 c5 3. d5 d6 4. Nc3 h6 5. Bxf6 exf6 6. e4 a6 7. a4 g6 8. Nf3 Bg7 9. a5 0-0 10. Bd3 Nd7 11. 0-0 Re8 12. h4 Ne5 13. Be2 Nxf3+ 14. Bxf3 f5 15. h5 Bxc3 16. bxc3 fxe4 17. Be2 Qg5 18. hxg6 fxg6 19. f4 Qg3 20. Qe1 Qxe1 21. Raxe1 h5 22. Rb1 Re7 23. Rb6 e3 24. Rxd6 Bf5 25. Bd3 Rae8 26. Re1 Kg7 27. Re2 c4 28. Bxf5 gxf5 29. g3 h4 30. gxh4 Re4 31. Re6 R8xe6 32. dxe6 Kf6 33. Kg2 Rxf4 34. Rxe3 Ke7 35. h5 Rh4 36. Rh3 Rg4+ 37. Kf3 Kxe6 38. h6 Rg8 39. h7 Rh8 40. Kf4 Kd5 41. Kxf5 Kc5 42. Kg6 Kb5 43. Rh5+ Ka4 44. Kg7 Rc8 45. h8Q Rxh8 46. Kxh8 Ka3 47. Rc5 1-0

[Event "Titled Tuesday intern op 30th Jul Early"]
[Site "Chess.com INT"]
[Date "2024.07.30"]
[Round "2"]
[White "Arutla, Aditya"]
[Black "Mishra, Manoj"]
[Result "0-1"]
[WhiteElo "2243"]
[BlackElo "1941"]
[PlyCount "64"]
[EventDate "2024.07.30"]
[EventType "swiss (blitz)"]
[EventRounds "11"]
[EventCountry "USA"]
[SourceTitle "EXT 2025"]
[Source "ChessBase"]
[SourceDate "2024.10.14"]
[SourceVersion "1"]
[SourceVersionDate "2024.10.14"]
[SourceQuality "1"]

1. d4 Nf6 2. Bf4 d6 3. Nf3 g6 4. Nbd2 Nh5 5. Bg5 h6 6. Bh4 g5 7. Bg3 Nxg3 8. hxg3 Bg7 9. e4 c5 10. c3 Nc6 11. d5 Nb8 12. a4 Nd7 13. Nc4 Nb6 14. a5 Nxc4 15. Bxc4 Bd7 16. a6 b5 17. Be2 b4 18. Qc2 Rb8 19. 0-0 Qb6 20. Nd2 bxc3 21. bxc3 Qb2 22. Rfc1 0-0 23. Qd3 Bb5 24. Nc4 Bxc4 25. Qxc4 Qd2 26. Rcb1 Rb2 27. Rxb2 Qxb2 28. Ra2 Qc1+ 29. Kh2 Rb8 30. Bd3 Be5 31. Rc2 Qd1 32. Qa2 Rb1 0-1

[Event "Titled Tuesday intern op 30th Jul Early"]
[Site "Chess.com INT"]
[Date "2024.07.30"]
[Round "5"]
[White "Mishra, Manoj"]
[Black "Rodriguez Lopez, David"]
[Result "1-0"]
[WhiteElo "1941"]
[BlackElo "2191"]
[PlyCount "67"]
[EventDate "2024.07.30"]
[EventType "swiss (blitz)"]
[EventRounds "11"]
[EventCountry "USA"]
[SourceTitle "EXT 2025"]
[Source "ChessBase"]
[SourceDate "2024.10.14"]
[SourceVersion "1"]
[SourceVersionDate "2024.10.14"]
[SourceQuality "1"]

1. d4 d5 2. Nc3 c6 3. Bf4 Nf6 4. e3 Bf5 5. f3 e6 6. g4 Bg6 7. h4 h5 8. g5 Ng8 9. Bd3 Bxd3 10. cxd3 Bd6 11. Nge2 Ne7 12. Qb3 Bxf4 13. Nxf4 Qb6 14. Qa3 Na6 15. g6 Qb4 16. gxf7+ Kxf7 17. Kf2 Qxa3 18. bxa3 b5 19. Nce2 Rab8 20. Nh3 Kf6 21. e4 b4 22. e5+ Kf7 23. Ng5+ Ke8 24. Nxe6 bxa3 25. Nxg7+ Kd7 26. Rab1 Rb2 27. Rxb2 axb2 28. Rb1 Rb8 29. Nxh5 Nb4 30. Nhf4 Nc2 31. Nc3 Na3 32. Ke2 Nf5 33. h5 Nxd4+ 34. Ke3 1-0

[Event "Titled Tuesday intern op 30th Jul Early"]
[Site "Chess.com INT"]
[Date "2024.07.30"]
[Round "7"]
[White "Novak, Ratko"]
[Black "Mishra, Manoj"]
[Result "0-1"]
[WhiteElo "2034"]
[BlackElo "1941"]
[PlyCount "48"]
[EventDate "2024.07.30"]
[EventType "swiss (blitz)"]
[EventRounds "11"]
[EventCountry "USA"]
[SourceTitle "EXT 2025"]
[Source "ChessBase"]
[SourceDate "2024.10.14"]
[SourceVersion "1"]
[SourceVersionDate "2024.10.14"]
[SourceQuality "1"]

1. d4 Nf6 2. c4 e6 3. Bg5 Bb4+ 4. Nd2 d5 5. Ngf3 c6 6. e3 Qa5 7. Bxf6 gxf6 8. a3 Bd6 9. b4 Qc7 10. c5 Be7 11. e4 e5 12. exd5 cxd5 13. dxe5 fxe5 14. Bb5+ Nc6 15. 0-0 e4 16. Nd4 Rg8 17. Qh5 Bd7 18. Bxc6 bxc6 19. f3 Bg5 20. N2b3 Qe5 21. fxe4 Be3+ 22. Kh1 Qxh5 23. exd5 Qxd5 24. Rae1 Qxg2# 0-1

[Event "Titled Tuesday intern op 09th Jul Early"]
[Site "Chess.com INT"]
[Date "2024.07.09"]
[Round "10"]
[White "Hubner, Jessica Trindade"]
[Black "Mishra, Manoj"]
[Result "0-1"]
[WhiteElo "1845"]
[BlackElo "1941"]
[PlyCount "70"]
[EventDate "2024.07.09"]
[EventType "swiss (blitz)"]
[EventRounds "11"]
[EventCountry "USA"]
[SourceTitle "EXT 2025"]
[Source "ChessBase"]
[SourceDate "2024.10.14"]
[SourceVersion "1"]
[SourceVersionDate "2024.10.14"]
[SourceQuality "1"]

1. e4 Nf6 2. Nc3 d5 3. e5 d4 4. exf6 dxc3 5. fxe7 cxd2+ 6. Bxd2 Bxe7 7. Nf3 Nc6 8. Bb5 Qd5 9. c4 Qe4+ 10. Qe2 Qxe2+ 11. Kxe2 0-0 12. Rhe1 Bg4 13. Be3 Bb4 14. Red1 Ne5 15. a3 Be7 16. Rd5 Bf6 17. Rd2 c6 18. Ba4 Nxc4 19. Rc2 Nxb2 20. Rxb2 Bxb2 21. Rb1 Bxa3 22. Rxb7 c5 23. Kd3 Rfd8+ 24. Kc4 Be6+ 25. Kc3 Bb4+ 26. Kc2 Bf5+ 27. Kb3 Rd3+ 28. Kc4 Rad8 29. Ne5 Rc3+ 30. Kb5 f6 31. Nc6 a6+ 32. Kxa6 Ra8+ 33. Na7 Ra3 34. Kb5 Bd3+ 35. Kc6 Be4+ 0-1

[Event "Titled Tuesday intern op 09th Jul Early"]
[Site "Chess.com INT"]
[Date "2024.07.09"]
[Round "8"]
[White "Mishra, Manoj"]
[Black "Jodar Arias, Marlon"]
[Result "0-1"]
[WhiteElo "1941"]
[BlackElo "2189"]
[PlyCount "58"]
[EventDate "2024.07.09"]
[EventType "swiss (blitz)"]
[EventRounds "11"]
[EventCountry "USA"]
[SourceTitle "EXT 2025"]
[Source "ChessBase"]
[SourceDate "2024.10.14"]
[SourceVersion "1"]
[SourceVersionDate "2024.10.14"]
[SourceQuality "1"]

1. d4 Nf6 2. Bg5 Ne4 3. h4 h6 4. Bf4 d5 5. Nd2 Bf5 6. Nxe4 Bxe4 7. Nf3 e6 8. e3 Bd6 9. Ne5 Nd7 10. f3 Bh7 11. Bd3 Bxd3 12. Nxd3 Bxf4 13. exf4 c5 14. dxc5 Nxc5 15. Ne5 0-0 16. h5 Rc8 17. g4 Nd7 18. Nd3 Re8 19. Qe2 Qa5+ 20. c3 Qa6 21. g5 e5 22. gxh6 e4 23. Nb4 Qxh6 24. 0-0-0 Qxf4+ 25. Kb1 exf3 26. Qf2 Nf6 27. Ka1 a5 28. Nxd5 Nxd5 29. Rxd5 Re2 0-1

[Event "Titled Tuesday intern op 02nd Jul Early"]
[Site "Chess.com INT"]
[Date "2024.07.02"]
[Round "2"]
[White "Kuznecovs, Nikita"]
[Black "Mishra, Manoj"]
[Result "1-0"]
[WhiteElo "2291"]
[BlackElo "1941"]
[PlyCount "125"]
[EventDate "2024.07.02"]
[EventType "swiss (blitz)"]
[EventRounds "11"]
[EventCountry "USA"]
[SourceTitle "EXT 2025"]
[Source "ChessBase"]
[SourceDate "2024.10.14"]
[SourceVersion "1"]
[SourceVersionDate "2024.10.14"]
[SourceQuality "1"]

1. e4 Nf6 2. d3 e5 3. Nf3 Nc6 4. g3 Bc5 5. Bg2 d5 6. exd5 Nxd5 7. 0-0 0-0 8. c3 Bg4 9. b4 Bb6 10. a4 a6 11. Bb2 Re8 12. Nbd2 Qf6 13. Nc4 Ba7 14. b5 axb5 15. axb5 Nd8 16. h3 Bh5 17. g4 Bg6 18. Ncxe5 Nf4 19. c4 Nxg2 20. Kxg2 Ne6 21. Qd2 Nf4+ 22. Kg3 Ne6 23. Nc6 Qf4+ 24. Qxf4 Nxf4 25. Kxf4 bxc6 26. bxc6 Bxd3 27. Rfe1 Bxf2 28. Rxe8+ Rxe8 29. Ne5 Bg6 30. Nxg6 fxg6 31. Kf3 Rf8+ 32. Kg2 Bc5 33. Be5 Rf2+ 34. Kg3 Re2 35. Bxc7 Re7 36. Bf4 Kf7 37. c7 Re8 38. Rb1 Ke6 39. Rb8 Kd7 40. Rxe8 Kxe8 41. c8Q+ Ke7 42. Qg8 Kf6 43. Qxh7 g5 44. Bc7 g6 45. Qh8+ Kf7 46. Qc3 Ke6 47. Qf3 Bd6+ 48. Bxd6 Kxd6 49. Qd5+ Ke7 50. Qxg5+ Kf7 51. c5 Ke6 52. c6 Kd6 53. Qxg6+ Kc7 54. Qf5 Kb6 55. h4 Kc7 56. h5 Kxc6 57. h6 Kd6 58. h7 Ke7 59. h8Q Kd6 60. Qh6+ Ke7 61. Qfh7+ Ke8 62. Q6g6+ Kf8 63. Qgg8# 1-0

[Event "Titled Tuesday intern op 02nd Jul Early"]
[Site "Chess.com INT"]
[Date "2024.07.02"]
[Round "3"]
[White "Mishra, Manoj"]
[Black "Minina, Veronika"]
[Result "1/2-1/2"]
[WhiteElo "1941"]
[BlackElo "2057"]
[PlyCount "108"]
[EventDate "2024.07.02"]
[EventType "swiss (blitz)"]
[EventRounds "11"]
[EventCountry "USA"]
[SourceTitle "EXT 2025"]
[Source "ChessBase"]
[SourceDate "2024.10.14"]
[SourceVersion "1"]
[SourceVersionDate "2024.10.14"]
[SourceQuality "1"]

1. d4 Nf6 2. Bg5 c5 3. d5 Qb6 4. Nc3 Qxb2 5. Bd2 Qb6 6. e4 d6 7. f4 Nbd7 8. Nf3 g6 9. e5 dxe5 10. fxe5 Ng4 11. Rb1 Qd8 12. e6 fxe6 13. dxe6 Nde5 14. Bb5+ Nc6 15. Ng5 Qd4 16. Qe2 Bg7 17. Rf1 Nxh2 18. Bxc6+ bxc6 19. Nb5 Qh4+ 20. Rf2 Be5 21. Qxe5 Qxf2+ 22. Kd1 0-0 23. Nf7 Qf1+ 24. Be1 Rxf7 25. exf7+ Kxf7 26. Nc7 Bg4+ 27. Kd2 Rd8+ 28. Kc3 Qf6 29. Bg3 Bf5 30. Bxh2 Rd7 31. Qxf6+ exf6 32. Rf1 h5 33. Bf4 Re7 34. Bh2 Re2 35. Rd1 Rxg2 36. Kb3 Rxh2 37. Rd2 Ke7 38. Rxh2 Be4 39. Rf2 Kd6 40. Ne8+ Ke5 41. Nxf6 Bd5+ 42. Nxd5 cxd5 43. c4 g5 44. Kc2 g4 45. cxd5 Kxd5 46. Rf5+ Ke4 47. Rxh5 Kf3 48. Rxc5 g3 49. Rg5 g2 50. Kd2 Kf2 51. Rf5+ Kg3 52. Rg5+ Kf2 53. Rf5+ Kg3 54. Rg5+ Kf2 1/2-1/2

[Event "Titled Tuesday intern op 25th Jun Early"]
[Site "Chess.com INT"]
[Date "2024.06.25"]
[Round "7"]
[White "Mayaud, Raphael"]
[Black "Mishra, Manoj"]
[Result "0-1"]
[WhiteElo "2175"]
[BlackElo "1941"]
[PlyCount "74"]
[EventDate "2024.06.25"]
[EventType "swiss (blitz)"]
[EventRounds "11"]
[EventCountry "USA"]
[SourceTitle "EXT 2025"]
[Source "ChessBase"]
[SourceDate "2024.10.14"]
[SourceVersion "1"]
[SourceVersionDate "2024.10.14"]
[SourceQuality "1"]

1. d4 Nf6 2. Bg5 Ne4 3. Bf4 c5 4. f3 Nf6 5. dxc5 Nc6 6. Nc3 Qa5 7. e4 Qxc5 8. Qd2 d6 9. Be3 Qa5 10. Nb5 Qd8 11. 0-0-0 a6 12. Nc3 g6 13. g4 Bg7 14. g5 Nd7 15. h4 Nde5 16. h5 0-0 17. Qh2 Re8 18. hxg6 hxg6 19. Be2 Be6 20. f4 Nc4 21. Bxc4 Bxc4 22. f5 Ne5 23. Nge2 Bxe2 24. Nxe2 Qa5 25. Kb1 Rac8 26. Nf4 Qb4 27. Qh7+ Kf8 28. fxg6 Qxe4 29. Ne6+ fxe6 30. Rhf1+ Nf3 31. Rd4 Qxc2+ 32. Ka1 Qf5 33. Rxf3 Qxf3 34. Rf4+ Qxf4 35. Bxf4 Rc2 36. Kb1 Rec8 37. Be5 Rc1# 0-1

[Event "Titled Tuesday intern op 25th Jun Early"]
[Site "Chess.com INT"]
[Date "2024.06.25"]
[Round "9"]
[White "Mishra, Manoj"]
[Black "Badacsonyi, Frankie"]
[Result "0-1"]
[WhiteElo "1941"]
[BlackElo "2204"]
[PlyCount "48"]
[EventDate "2024.06.25"]
[EventType "swiss (blitz)"]
[EventRounds "11"]
[EventCountry "USA"]
[SourceTitle "EXT 2025"]
[Source "ChessBase"]
[SourceDate "2024.10.14"]
[SourceVersion "1"]
[SourceVersionDate "2024.10.14"]
[SourceQuality "1"]

1. d4 d5 2. Bf4 Nf6 3. Nc3 e6 4. e3 Bb4 5. Nge2 0-0 6. f3 c5 7. a3 Bxc3+ 8. bxc3 b6 9. g4 Ba6 10. Ng3 Bxf1 11. Kxf1 Qc8 12. g5 Nfd7 13. h4 Nc6 14. h5 e5 15. dxe5 Ndxe5 16. Qxd5 Rd8 17. Qe4 Qa6+ 18. Kg2 Rd2+ 19. Kh3 Qc8+ 20. Kh4 Nd7 21. Rad1 Rxd1 22. Rxd1 Nf8 23. Nf5 Kh8 24. Rd6 Na5 0-1

[Event "Titled Tuesday intern op 18th Jun Early"]
[Site "Chess.com INT"]
[Date "2024.06.18"]
[Round "8"]
[White "Shubenkova, Veronika"]
[Black "Mishra, Manoj"]
[Result "1-0"]
[WhiteElo "2030"]
[BlackElo "1941"]
[PlyCount "59"]
[EventDate "2024.06.18"]
[EventType "swiss (blitz)"]
[EventRounds "11"]
[EventCountry "USA"]
[SourceTitle "EXT 2025"]
[Source "ChessBase"]
[SourceDate "2024.10.14"]
[SourceVersion "1"]
[SourceVersionDate "2024.10.14"]
[SourceQuality "1"]

1. e4 d6 2. d4 Nf6 3. f3 Nbd7 4. c4 e5 5. d5 Be7 6. Nc3 h6 7. Be3 g5 8. Bd3 Nc5 9. Nge2 a5 10. Qd2 a4 11. 0-0-0 c6 12. Bc2 Qa5 13. Bxc5 dxc5 14. Bxa4 Bd7 15. dxc6 Bxc6 16. Bxc6+ bxc6 17. h4 gxh4 18. Rxh4 Nh7 19. Qd7+ Kf8 20. Rhh1 Bg5+ 21. Kb1 Nf6 22. Qxc6 Kg7 23. Qb5 Qa7 24. Qb3 Rhb8 25. Nb5 Qa5 26. Nec3 Be3 27. g3 Bd4 28. Kc2 Nd7 29. a3 Nb6 30. f4 1-0

[Event "Titled Tuesday intern op 18th Jun Early"]
[Site "Chess.com INT"]
[Date "2024.06.18"]
[Round "9"]
[White "Smieszek, Wojciech"]
[Black "Mishra, Manoj"]
[Result "0-1"]
[WhiteElo "2110"]
[BlackElo "1941"]
[PlyCount "92"]
[EventDate "2024.06.18"]
[EventType "swiss (blitz)"]
[EventRounds "11"]
[EventCountry "USA"]
[SourceTitle "EXT 2025"]
[Source "ChessBase"]
[SourceDate "2024.10.14"]
[SourceVersion "1"]
[SourceVersionDate "2024.10.14"]
[SourceQuality "1"]

1. e4 Nf6 2. e5 Nd5 3. c4 Nb6 4. a4 d6 5. a5 N6d7 6. e6 fxe6 7. d4 g6 8. h4 Nf6 9. Be2 e5 10. h5 Bf5 11. g4 Be4 12. f3 Bc6 13. hxg6 exd4 14. g5 e5 15. gxf6 Qxf6 16. gxh7 Nd7 17. Nh3 e4 18. Bg5 Qg7 19. fxe4 Be7 20. Bh5+ Kd8 21. Bxe7+ Kxe7 22. Qg4 Rxh7 23. Qxg7+ Rxg7 24. Nd2 Rh8 25. Be2 Nc5 26. 0-0-0 Nxe4 27. Bf3 Nxd2 28. Bxc6 Nb3+ 29. Kc2 bxc6 30. Rde1+ Kd7 31. Nf4 Rxh1 32. Rxh1 Nxa5 33. b3 c5 34. Nd5 Nc6 35. Nf6+ Kc8 36. Rh8+ Kb7 37. Nd7 Nb4+ 38. Kb2 Rg2+ 39. Kb1 d3 40. Rh1 d2 41. Nf6 Re2 42. Rd1 Re1 43. Rxe1 dxe1Q+ 44. Kb2 Qd2+ 45. Kb1 Qc2+ 46. Ka1 Qa2# 0-1

[Event "Titled Tuesday intern op 04th Jun Early"]
[Site "Chess.com INT"]
[Date "2024.06.04"]
[Round "5"]
[White "Novak, Ratko"]
[Black "Mishra, Manoj"]
[Result "1-0"]
[WhiteElo "2034"]
[BlackElo "1941"]
[PlyCount "49"]
[EventDate "2024.06.04"]
[EventType "swiss (blitz)"]
[EventRounds "11"]
[EventCountry "USA"]
[SourceTitle "EXT 2025"]
[Source "ChessBase"]
[SourceDate "2024.10.14"]
[SourceVersion "1"]
[SourceVersionDate "2024.10.14"]
[SourceQuality "1"]

1. d4 Nf6 2. c4 c5 3. dxc5 e6 4. Be3 Na6 5. a3 Bxc5 6. Bxc5 Nxc5 7. b4 Nce4 8. f3 Ng4 9. Qd4 Qg5 10. e3 Nxe3 11. Qxe4 Nxg2+ 12. Kf2 Nf4 13. h4 Qf6 14. Ra2 d5 15. cxd5 Nxd5 16. Bb5+ Ke7 17. Ne2 a6 18. Bc4 Nb6 19. Nd2 Rd8 20. Bb3 Bd7 21. Qxb7 Rab8 22. Qe4 Rbc8 23. Qd4 Rc6 24. Qxf6+ gxf6 25. Ne4 1-0

[Event "Titled Tuesday intern op 04th Jun Early"]
[Site "Chess.com INT"]
[Date "2024.06.04"]
[Round "8"]
[White "Zuriel, Marisa"]
[Black "Mishra, Manoj"]
[Result "1-0"]
[WhiteElo "2163"]
[BlackElo "1941"]
[PlyCount "59"]
[EventDate "2024.06.04"]
[EventType "swiss (blitz)"]
[EventRounds "11"]
[EventCountry "USA"]
[SourceTitle "EXT 2025"]
[Source "ChessBase"]
[SourceDate "2024.10.14"]
[SourceVersion "1"]
[SourceVersionDate "2024.10.14"]
[SourceQuality "1"]

1. e4 d6 2. d4 Nf6 3. Nc3 Nbd7 4. h3 e5 5. Nf3 Be7 6. Bc4 c6 7. a4 h6 8. 0-0 g5 9. dxe5 dxe5 10. a5 Qc7 11. Bb3 Nf8 12. Nh2 Ng6 13. Be3 Nf4 14. Ne2 Nxe4 15. Bxf4 gxf4 16. f3 Bc5+ 17. Kh1 Nf2+ 18. Rxf2 Bxf2 19. Nc3 Bf5 20. Qe2 Be3 21. Nf1 Bd4 22. Ne4 Bxe4 23. Qxe4 0-0-0 24. c3 Bf2 25. a6 b6 26. Ba4 b5 27. Bc2 Rhg8 28. Bd3 Qd6 29. Bxb5 cxb5 30. Qb7# 1-0